| 000 | 00376nam a2200145Ia 4500 | ||
|---|---|---|---|
| 008 | 220217s9999||||xx |||||||||||||| ||und|| | ||
| 020 | _a70660204 | ||
| 082 | _a658.3 ASW | ||
| 100 |
_aAswathappa, K _96352 |
||
| 245 | 0 | _aHuman Resource Management | |
| 250 | _a5 | ||
| 260 |
_aTata mc graw hill _bNew Delhi _c2009 |
||
| 300 | _b365 | ||
| 650 | _aHUMAN RESOURCE MANAGEMENT | ||
| 999 |
_c178729 _d178729 |
||